Dohodak u jugoslovenskoj privredi sticanje i raspodela

Enregistré dans:
Détails bibliographiques
Format: Livre
Langue:serbe
Publié: Beograd Institut Ekonomskih Nauka 1981
Tags: Ajouter un tag
Pas de tags, Soyez le premier à ajouter un tag!

MARC

LEADER 00000nam a2200000 4500
001 c112802
005 20230223122835.6
041 0 |a srp 
044 |a YU 
245 1 0 |a Dohodak u jugoslovenskoj privredi  |b sticanje i raspodela 
264 1 |a Beograd  |b Institut Ekonomskih Nauka  |c 1981 
300 |a 276 s.